| 000 | 01018nam a22002177a 4500 | ||
|---|---|---|---|
| 999 |
_c2285 _d2285 |
||
| 005 | 20230410112305.0 | ||
| 008 | 230410b ||||| |||| 00| 0 eng d | ||
| 020 | _a9780603570261 | ||
| 040 | _cKH8 | ||
| 082 | _2823.912 BLY | ||
| 100 |
_aBlyton, Enid; _eAuthor |
||
| 245 |
_aAmelia Jane is naughty again! / _cEnid Blyton |
||
| 260 |
_aLondon, _bEgmont Books, _c2001 |
||
| 300 |
_a 118 p : _billustraties ; _c20 cm |
||
| 500 | _a Originally published as part of: More about Amelia Jane! London : Newnes, 1954 | ||
| 520 | _aNew editions, with new illustrations and new format, of all four Amelia Jane titles. Amelia Jane is big, bad and the terror of the toy cupboard! In this book, Amelia Jane plays all sorts of tricks on the toys. She steals the teddy bear's necklace, causes chaos with a boomerang. Can the toys teach her a lesson? | ||
| 650 | _aAmelia Jane (Fictitious character) | ||
| 650 |
_aAmelia Jane (Fictitious character) _vJuvenile fiction |
||
| 650 | _aChildren's fiction | ||
| 942 |
_2ddc _cNFIC |
||